| 000 | 00421nam a2200157Ia 4500 | ||
|---|---|---|---|
| 003 | GCL | ||
| 008 | 140319s9999 xx 000 0 eng d | ||
| 040 |
_aGCL / _cGCL |
||
| 082 | 0 | 4 |
_a320.12 _bT P |
| 100 | 1 | _aTAYLOR, PETER J. | |
| 245 | 1 | 0 |
_aPOLITICAL GEOGRAPHY / _cTAYLOR, PETER J. |
| 260 |
_a[S.N] : _bLONGMAN SCIENTIFIC AND TECHNICAL ، _c1994 |
||
| 300 | _a360 P | ||
| 650 | 0 | 4 | _aPOLITICAL GEOGRAPHY |
| 942 |
_2ddc _cBK |
||
| 999 |
_c24276 _d24276 |
||